| 000 | 01970cam a22005294i 4500 | ||
|---|---|---|---|
| 003 | PE-LiUPU | ||
| 005 | 20250731165454.0 | ||
| 008 | 150623s r 000 0 d | ||
| 020 | _a0310402204 | ||
| 035 | _a(Sirsi) i9780310402206 | ||
| 040 |
_aPE-LiUPU _bspa _cPE-LiUPU _erda |
||
| 049 | _aPRUA | ||
| 082 | 0 | 4 |
_a225.03c _bK72G _221 |
| 100 | 1 |
_aKohlenberger, John R., _eautor. |
|
| 245 | 1 | 4 |
_aThe Greek English concordance to the New Testament / _cJohn R. Kohlenberger. |
| 264 | 1 |
_aMichigan : _bZondervan Publishing House, _c1997. |
|
| 300 |
_a1131 páginas ; _c24 centímetros |
||
| 336 |
_atext _2rdacontent |
||
| 337 |
_aunmediated _2rdamedia |
||
| 338 |
_avolume _2rdacarrier |
||
| 500 | _aWhit the New international version. | ||
| 505 | 0 | _aThe Greek-English concordance to the New Testament. -Index of articles, conjuntions. -particles, and pronouns. -NIV English-Greek Index. -A concise Greek-English dictionary. | |
| 526 | _aSEG44 | ||
| 526 | _aSEG26 | ||
| 526 | _aP151 | ||
| 526 | _aP150 | ||
| 526 | _aP149 | ||
| 526 | _aP146 | ||
| 526 | _aP145 | ||
| 526 | _aP126 | ||
| 526 | _aP125 | ||
| 526 | _aP92 | ||
| 526 | _aP75 | ||
| 526 | _aP74 | ||
| 526 | _aP27 | ||
| 526 | _aP15 | ||
| 630 |
_aBiblia. _pN.T. _vConcordances, Griego. |
||
| 630 |
_aBiblia. _pN.T. _vConcordances, Inglés. _sNew International. |
||
| 700 | 1 | _aGoodrick, Edward W. | |
| 700 | 1 | _aSwanson, James A. | |
| 942 |
_2ddc _cBOOK |
||
| 949 |
_aRC 225.03C K72G _wDEWEY _c1 _i44752 _lCCODEBUL1 _mBUL _r0 _sY _tBOOK _u2015-6-24 _xTEOLOGIA _PP35 _0COMPRA _o.CIRCNOTE. No olvidar cambiar la fecha de devolución!!!!!!! _o.STAFF. Colección General |
||
| 994 |
_aC0 _bPEPRU |
||
| 596 | _a1 | ||
| 999 |
_aRC 225.03C K72G _wDEWEY _c21618 _i44752 _d21618 _f2021-11-8 _g6 _lCCODEBUL1 _mBUL _q7 _r1 _sY _tBOOK _u2015-6-24 _xTEOLOGIA _PP35 _0COMPRA _o.CIRCNOTE. No olvidar cambiar la fecha de devolución!!!!!!! _o.STAFF. Colección General |
||
| 980 |
_81 _gALBERTO SANCHEZ Responsable de Automatización |
||